000 00709nam a2200181 a 4500
005 20220615063443.0
008 991125s1934 fr 000 0 fre u
035 _aUPN01000004869
049 _aCG
050 4 _aPQ2205
_bA6
100 1 _aChateaubriand, Francois-René,
_cvizconde de,
_d1768-1848
_940345
245 1 0 _aAtala-René les natchez :
_bextraits /
_cChateaubrianda ; avec une notice biographique, une notice historique et littéraire, des notes explicatives, des jugemens, un questionnaire et; des sujets de devoirs par Thérese Delarouzée.
260 _aFrance :
_b[s.n.],
_c1934.
300 _a104 p. :
_bil.
440 0 _aClassiques Larousse
650 0 _aLiteratura francesa
_95152
905 _aLibro
999 _c4869
_d4869